Del arte de la guerra /

Obra que versa sobre la naturaleza de la vida militar, la organización de los ejércitos y sus diferentes cuerpos, la estrategia militar, las campañas de ataque y de defensa, bajo la luz del antiguo modelo romano y griego.

Enregistré dans:
Détails bibliographiques
Auteur principal: Maquiavelo, Nicolás (autor)
Format: Livre
Langue:espagnol
Publié: México : Gernika, 1994, c1994
Édition:2a edición
Collection:(Clásicos. Ciencia Política ; 2)
Sujets:
Tags: Ajouter un tag
Pas de tags, Soyez le premier à ajouter un tag!

MARC

LEADER 00000nam^a2200000^a^4500
001 000051824
005 20250521000000.0
009 20260310090334.908
020 |a 968-6599-07-X 
037 |a Acervo ITESO - Biblioteca 
041 |a ESP 
082 |a 355. 001  |b MAQ 
100 |a Maquiavelo, Nicolás  |e (autor) 
245 1 0 |a Del arte de la guerra /  |c N. Maquiavelo ; tr. de Vito Romero. 
250 |a 2a edición 
264 4 |a México :  |b Gernika,  |c 1994, c1994 
300 |a 240 p. 
336 |a texto  |b txt  |2 rdacontenido 
337 |a sin mediación  |b n  |2 rdamedio 
338 |a volumen  |b nc  |2 rdasoporte 
440 1 |a (Clásicos.  |p Ciencia Política ;  |v 2) 
500 |a Traducción de: Dell'arte della guerra 
520 |a Obra que versa sobre la naturaleza de la vida militar, la organización de los ejércitos y sus diferentes cuerpos, la estrategia militar, las campañas de ataque y de defensa, bajo la luz del antiguo modelo romano y griego. 
649 |a XX 
650 |a Arte y Ciencia Militares 
650 |a Militares 
650 |a Fuerzas Armadas 
650 |a Estrategia 
650 |a Política Militar 
650 |a Literatura Italiana -  |y Siglo XVI 
910 |a Fondo General 
920 |a Impresos - Libros 
930 |a Colección General 
905 |a 101 
901 |a 0500008378  |b IT1  |c ACC  |u 20250521 
901 |a 0500012729  |b IT1  |c ACC  |u 20250521 
902 |a https://opac.biblio.iteso.mx/vufind/Record/000051824